| 000 | 00697cam a2200241 4500 | ||
|---|---|---|---|
| 999 |
_c3738 _d3738 |
||
| 001 | 104191 | ||
| 003 | OSt | ||
| 005 | 20181122114412.0 | ||
| 008 | 701210s1970 nju 000 0 eng | ||
| 010 | _a71107609 //r91 | ||
| 020 |
_a0912106026 _c$3.95 |
||
| 040 |
_aDLC _cDLC _dm.c. _dSTU |
||
| 043 | _an-us-pa | ||
| 050 | 0 | 0 |
_aBV4447 _b.B37 |
| 082 | 0 | 0 |
_a259 _bB289S |
| 100 | 1 | _aBartlett, Bob. | |
| 245 | 1 | 4 |
_aThe Soul Patrol: "Here comes the God Squad." _cWith Jorunn Oftedal. |
| 260 |
_aPlainfield, N.J., _bLogos International _c[1970] |
||
| 300 |
_a170 p. _c21 cm. |
||
| 610 | 2 | 0 | _aTeen Challenge (Organization) |
| 650 | 0 |
_aChurch work with youth _zPennsylvania _zPhiladelphia. |
|
| 942 |
_2ddc _cBK |
||